00235 a2200097 450000100060000008200150000610000210002124500690004226000170011130000090012863595 a297.44 FAZ aM.Fazl-ur-Rehman aThe Quraanic Foundation and structures of Muslim socityhEnglish bAisha Bawany a426p